| 000 | 005310000a22001810004500 | ||
|---|---|---|---|
| 003 | LK-CoMWRAF | ||
| 008 | 230817t ||||| |||| 00| 0 eng d | ||
| 040 |
_aLK-CoMWRAF _dLK-CoMWRAF _eLK-CoMWRAF |
||
| 041 | _aeng | ||
| 082 |
_a150 _bSAK |
||
| 100 | _aSakr, Ahmad H. | ||
| 245 |
_aDietary regulations and food habits of muslims _b |
||
| 260 |
_aNew York _bMWL _c1971 |
||
| 300 | _ap.16 | ||
| 500 | _aThis gives briefly Islamic attitude towards food, fasting, eating habits,recommended foods ... | ||
| 650 | _aIslam | ||
| 942 | _cBK | ||
| 999 |
_c3014 _d3014 |
||